00442nam a22001577a 450000500170000001000150001702000260003203500140005803700130007208200120008510000180009724500360011526000370015127000750018830000210026320190923110540.0 aENG-126506 c775.00a9788192557551 aEN-110038 bDBAD/PUB a658.403 aKanojia, Neha aLeading Digital /cNeha Kanojia aNew DelhibAryan Prakashanc2018 bNew Delhia3rd Floor, H-1 /48, Bengali colony mahaveer Enclavee110045 av200pc20cm(pbk)